00401pab a2200145 454500008004000000100002100040245007100061260000900132300001500141650001400156650001500170700002000185700002200205773002800227180718b2006 xxu||||| |||| 00| 0 eng d aNapier, Nancy K. aFacilitating management and marketing creativity in global markets c2006 ap.220-236. aMarketing aManagement aSendler, Zorina aLeonard, Nancy H. aOrganizational Dynamics